Текст томруулах:    
Investment project profiles, agro-industry (Бичлэгийн дугаар. 145648)
000 -УДИРДЛАГА
Удирдлага 01012nam a22003137a 4500
003 - ХЯНАЛТЫН ТОО ТОДОРХОЙЛОГЧ
Код MN-UlNUM
005 - БИЧИЛТ ХИЙСЭН ОГНОО
Тухайн бичилтийг бичсэн засварласан сүүлийн огноо 20251117145122.0
008 - ЕРӨНХИЙ МЭДЭЭЛЭЛ
Ерөнхий мэдээлэл 251117s1998 mp |b||| |||| 00| 0 eng |
040 ## - БИЧЛЭГ ҮҮСГЭГЧ БАЙГУУЛЛАГА
Бичлэг үүсгэгч номын сангийн код МУИС-ийн номын сан
084 ## - ББК АНГИЛАЛ
Нэмэлт тусгалт Бусад
ББК ангилал 65.9(1)-56
Зохиогчийн гурван тэмдэгт I 57
Мэдлэгийн ялгаа 65 - Эдийн засаг
111 2# - ЭРХЛЭН ГАРГАСАН /ХУРАЛ, ЧУУЛГАН/
Эрхлэн гаргасан хурал Investors Conference, Agro-Industry and Tourism
Date of meeting (1998 : $c Ulaanbaatar, Mongolia)
245 10 - ҮНДСЭН ГАРЧИГ
Номын нэр Investment project profiles, agro-industry
Бага гарчгийн мэдээ Investors Conference, Agro-Industry and Tourism, June 24-26, 1998, Ulaanbaatar, Mongolia.
250 ## - ДАХИН ХЭВЛЭЛТ
Дахин гаралтын дугаар 1st ed.
260 ## - ГАРАЛТЫН МЭДЭЭ
Хэвлэгдсэн газар [Ulaanbaatar
Хэвлэлийн газар Govt. of Mongolia, Ministry of Agriculture and Industry, Board of Foreign Investment,
Хэвлэгдсэн он 1998.
300 ## - МАТЕРИАЛЫН ТОДОРХОЙЛОЛТ
хуудасны тоо 230p. :
Бусад тоон мэдээлэл ill., map ;
Хэмжээ 30 cm.
500 ## - Тайлбар
Дансны дугаар БС 2207
546 ## - ХЭЛНИЙ ТУХАЙ МЭДЭЭ
Хэл Англи хэл дээр,
653 ## - Түлхүүр үг
Түлхүүр үг Investments, Foreign
653 ## - Түлхүүр үг
Түлхүүр үг Foreign trade promotion
740 ## - НОМЫН ГАРЧИГ
Гарчиг Hotel
740 ## - НОМЫН ГАРЧИГ
Гарчиг Tourist camp
740 ## - НОМЫН ГАРЧИГ
Гарчиг Spa resorts
740 ## - НОМЫН ГАРЧИГ
Гарчиг Tour
740 ## - НОМЫН ГАРЧИГ
Гарчиг Transport
740 ## - НОМЫН ГАРЧИГ
Гарчиг Souvenir
740 ## - НОМЫН ГАРЧИГ
Гарчиг Others
942 ## - ЭЛЕМЕНТИЙН ТӨРӨЛ
Зүйлийн төрөл Ном